Prima Lettera delle Città Irlandesi - Statistics

Statistiche generali
  • Questo quiz è stato fatto 43 volte
  • Il punteggio medio è 7 su 16
Statistiche sulle risposte
Hint Risposta % Corretto
_ublino D
97%
_alway G
80%
_aterford W
71%
_ork C
69%
_imerick L
66%
_rklow A
63%
_nnis E
51%
_ortlaoise P
51%
_illarney K
43%
_words S
43%
_lanchardstown B
34%
_irhouse F
20%
_alahide M
11%
_aas N
11%
_allaght T
9%
_athfarnham R
3%
Nessun quiz corrispondente trovato
Distribuzione punteggi
Percentuale di utenti per punteggio
Percentile per numero di risposta
I tuoi punteggi nel tempo
Non hai fatto questo quiz